1117 1600 1697 1449 1714 1907 1422 1155 1934 1347 1728 1199 1368 1938 1911 1065 1982 1836 1569 1646 1302 1899 1711 1419 1553 1808 1506 1320 1346 1675 1884 1284 1405 1544 1405 1257 1743 1432 1210 1096 1617 1043 1911 1998 1622 1513 1412 1371 1918 1792 1104 1030 1206 1299 1314 1179 1300 1053 1588 1467 1723 1716 1777 1952 1001 1017 1794 1953 1512 1416 1649 1756 1819 1160 1859 1617 1606 1716 1419 1077 1412 1527 1143 1205 1732 1480 1217 1330 1044 1443 1116 1485 1392 1105 1869 1231 1278 1486 1238 BCNSPRNW ULIB Ver.6.0+V

เปลี่ยนเป็นภาษาไทย

Change to English
 แสดงรายละเอียดบรรณานุกรม
  กลับหน้าหลัก

Brief Record : Get Marc (ISO 2709) : E-mail record : QR code < ปิดหน้าต่าง
LEADER : 00000nas 2200000uu 4500
001    13399124373
003     ULIB
008    150529s||||||||th 000 0 tha d
022 0  1906-7925
110 1  วิทยาลัยพยาบาลสภากาชาดไทย
245 00 วารสารพยาบาลสภากาชาด /^cวิทยาลัยพยาบาลสภากาชาดไทย
310    ^aราย 6 เดือน
850 ^a ULIB^bปีที่ 7 ฉบับที่ 1 ฉ.1 ;ปีที่ 7 ฉบับที่ 2 ฉ.1
945    ^p0^l0^i903017
945    ^p0^l0^i903018
999    ^aเกษร โพธิ์สุวรรณ
รายการนี้ยังไม่มีแท็ก
คุณยังไม่ได้ล็อกอิน คุณสามารถมีกิจกรรมร่วมกับเว็บไซต์ได้ แต่ต้องล็อกอินก่อน ::
  ล็อกอิน

รายการสื่อสารสนเทศ (วารสาร)

ดูแบบ: กล่อง รายการ
ARRIVED
ปีที่ 7 ฉบับที่ 1 ฉ.1
สถานที่: ห้องสมุดวิทยาเขตสวรรค์ประชารักษ์ >หนังสือทั่วไป
ARRIVED
ปีที่ 7 ฉบับที่ 2 ฉ.1
สถานที่: ห้องสมุดวิทยาเขตสวรรค์ประชารักษ์ >วารสาร

BibComment


ยังไม่เคยถูกคอมเมนท์

คอมเมนท์ทรัพยากรรายการนี้
  คอมเมนท์: วารสารพยาบาลสภากา..


 Copyright 2026. Bcnsprnw @Library